| 000 | 00566nam a2200169 a 4500 | ||
|---|---|---|---|
| 005 | 20210219145900.0 | ||
| 008 | 991125s1953 mx 000 0 spa u | ||
| 035 | _aUPN01000002993 | ||
| 049 | _aSEP | ||
| 050 | 4 |
_aF1232 H5 _bA6 |
|
| 245 | 0 | 0 |
_aAño de Hidalgo : _bbreve antología poética al Padre de la Patria : 1753-1953 / _ccomp. Sara Malfavón. |
| 260 |
_aMéxico : _bSEP, Dirección General de Internados de Enseñanza Primaria, _c1953. |
||
| 300 | _a58 p. | ||
| 500 | _aDisponible en la Colección Medina | ||
| 700 | 1 |
_aMalfavón, Sara, _ecomp. |
|
| 905 | _aLibro | ||
| 999 |
_c2993 _d2993 |
||